Statistics for Characters in Shrek's World

Click here to take the quiz!

General Stats

  • This quiz has been taken 60 times
  • The average score is 18 of 29

Answer Stats

Shrek Shrek 2 Shrek the Third Shrek Forever After Character Description Character % Correct
YesYesYesYesA big, green, grumpy, and terrifying ogreShrek
100%
NoYesYesYesAn orange feline with a cavalier hat, a black cape, a sword with a belt, and black bootsPuss in Boots
100%
YesYesYesYesThe princess of Far Far Away, daughter of King Harold and Queen Lillian, and Shrek's wifeFiona
100%
YesYesYesYesAn annoying, talking 'noble steed' who is the best friend and sidekick of the aboveDonkey
98%
YesYesYesYesA ruby-colored reptile who guards fiona in the castle and marries DonkeyDragon
96%
YesYesYesYesThe three swine who went "Wee Wee Wee, all the way home"Three Little Pigs
84%
YesYesYesYes"I will huff, and I will puff, and I will blow your house down"Big Bad Wolf
84%
YesYesYesYesA talking gingerbread manGingy
84%
YesYesYesYesThe three rodents who have sight problemsThree Blind Mice
80%
NoNoYesNoThe only heir to the throne (after Shrek) of Far Far Away.Arthur
78%
NoNoYesNoShe lived with the seven dwarvesSnow White
70%
NoNoYesNoHer foot fit the glass slipperCinderella
70%
NoNoYesNoShe can fall asleep at any momentSleeping Beauty
66%
NoYesYesNoA prince who is set on killing ShrekPrince Charming
66%
YesYesYesYesA live, wooden puppet who wants to be a real boyPinocchio
62%
NoYesYesNoThe pirate with one hookCaptain Hook
60%
NoYesNoNoPrince Charming's evil motherFairy Godmother
56%
YesYesNoYesA mirror with a live spiritMagic Mirror
56%
YesNoYesYesThe comical short-in-stature ruthless ruler of DulocLord Farquaad
52%
NoNoYesNoA princess that has really long hair (it's actually a wig)Rapunzel
48%
NoYesYesYesFiona's father and king of Far Far AwayKing Harold
48%
NoNoNoYesHe can hypnotize anything by playing his flutePied Piper
46%
NoYesYesYesFiona's mother and queen of Far Far AwayQueen Lillian
46%
NoNoYesNoAn old, retired wizard that wears sandalsMerlin
44%
NoYesYesYesThe ugly stepsister that is friends with FionaDoris
32%
NoYesYesYesDonkey and Dragon's six babiesDronkeys
22%
NoNoYesYesThe short man who can grant any wish with your signatureRumpelstiltskin
22%
NoNoYesYesThe ugly stepsister that is against FionaMabel
10%
NoNoYesYesShrek and Fiona's tripletsFergus, Farkle, Felicia
2%

Score Distribution

Percentile by Number Answered

Percent of People with Each Score

Your Score History

You have not taken this quiz